000
00332nam a2200133Ia 4500
008
150201s2009 xx 000 0 und d
082
_a
612
_b
P09K
100
_a
NALGIRKAR, VIVEK
245
_a
SMART STUDY SERIES-PHYSIOLOGY
260
_b
ELSEVIER
_a
DELHI
_c
2009
300
_a
1-400
650
_a
HUMAN PHYSIOLOGY
942
_2
ddc
_c
BK
_0
17
999
_c
1288
_d
1288